Faktory ovplyvňujúce rovnováhu ekonomiky bakalárska práca

Guardado en:
Detalles Bibliográficos
Autor principal: Drugdová, Lucia
Autor Corporativo: Fakulta hospodárskej informatiky EU. Katedra operačného výskumu a ekonometrie
Otros Autores: Lopatník, Martin
Formato: Libro
Lenguaje:eslovaco
Publicado: Bratislava 2009
Etiquetas: Agregar Etiqueta
Sin Etiquetas, Sea el primero en etiquetar este registro!

MARC

LEADER 00000nam$a2200000$$$4500
001 0096070
005 20240318134109.5
041 0 |a slo 
044 |a SK 
245 1 0 |a Faktory ovplyvňujúce rovnováhu ekonomiky  |b bakalárska práca  |c Lucia Drugdová ; škol. Martin Lopatník 
264 1 |a Bratislava  |c 2009 
300 |a 32 s. 
100 1 |a Drugdová, Lucia 
700 1 |a Lopatník, Martin 
710 2 |a Fakulta hospodárskej informatiky EU. Katedra operačného výskumu a ekonometrie